000 00934nam a2200265Ia 4500
003 OSt
005 20221005104614.0
006 a|||||r|||| 00| 0
007 ta
008 221004b |||||||| |||| 00| 0 hin d
020 _a9788171196869 (hbk)
_c1425
024 _a90104
037 _b467, 19/03/2008, University Book House
_cTextual
040 _aCRL
_cCRL
_bhin
041 _2hin
_ahin
082 _aO152,1J32:g, P8
100 _aसिंह, उदयभानु
245 0 _aतुलसी काव्य मीमांसा
246 _aTulasī kāvya mīmāansā
260 _aदिल्ली
_bराधाकृष्ण भारत
_c2008
300 _a185पृ0
_ccm.
650 _aहिन्दी साहित्य
942 _hO152,1J32:g, P8
_cTEXL
_2cc
999 _c1013227
_d1013227